UBT Library

Man's search for himself. (Record no. 83)

000 -LEADER
fixed length control field 00485nam a2200193 4500
005 - DATE AND TIME OF LATEST TRANSACTION
control field 20131010044942.0
008 - FIXED-LENGTH DATA ELEMENTS--GENERAL INFORMATION
fixed length control field 750319 1973 eng u
041 0# - LANGUAGE CODE
Language code of text/sound track or separate title eng
080 ## - UNIVERSAL DECIMAL CLASSIFICATION NUMBER
Universal Decimal Classification number 159.9
100 1# - Rafti
Rafti May, Rollo
100 1# - Rafti
-- Ph.D.
245 10 - TITLE STATEMENT
Title Man's search for himself.
260 ## -
-- New York,
-- Dell
-- [c1953, 1973]
300 ## -
-- 281 p.
-- 21 cm.
490 0# -
-- A Delta book
500 ## -
-- Preface f. : [VII]-[VIII]
500 ## -
-- Includes indexes.
650 #0 -
-- Psikologjia
942 ## - ADDED ENTRY ELEMENTS (KOHA)
Source of classification or shelving scheme
Item type Books
Holdings
Withdrawn status Lost status Source of classification or shelving scheme Damaged status Not for loan Collection code Permanent location Current location Shelving location Date acquired Total Checkouts Full call number Barcode Date last seen Price effective from Koha item type
          Koleksioni i përgjithshem UBT - Prishtine UBT - Prishtine Koleksioni i përgjithshem 10/10/2013   159.9 001-000076 10/10/2013 10/10/2013 Books
UBT Library © 2015-2024. All rights reserved University Education for Business and Technology